000 00758nam a2200277 i 4500
001 C2-0226489
003 PPAK
005 20180728154243.0
008 000624s2000 my a|||| ||||| | may d
020 _a9676110329
040 _aPPAK
_beng
_cPPAK
_erda
082 0 4 _a899.233
_223
090 0 0 _a899.233
_bBAH
_dG
090 0 0 _a899.233
_bBAH
_dK
100 0 _aBaharuddin A. Manan,
_eauthor
245 1 0 _aMisteri empang
264 1 _aKuala Lumpur :
_bUtusan ,
_c2000
300 _a108 pages :
_billustrations ;
_c22 cm
336 _2rdacontent
_atext
337 _2rdamedia
_aunmediated
338 _2rdacarrier
_avolume
490 1 _aSiri misteri remaja Utusan
650 1 0 _aMalay fiction
830 0 _aSiri misteri remaja Utusan
942 _ddc
_cB
999 _c146819
_d146819